000 00297nam a22001337a 4500
008 170406b xxu||||| |||| 00| 0 eng d
020 _a9780195095289
041 _aeng
080 _a611.089
100 _a9
101 _aSHM
245 _aBASIC MEDICAL HISTOLOGY
_cKESSEL, R.G
942 _2udc
_cBK
999 _c10046
_d10046